000 00549nam a2200169 a 4500
001 000026516
005 20200930030250.0
008 110322s1997 dr r 000 0 spa d
040 _aDO-SdBNP
_bspa
_cBNPHU
082 _axxxx
_bR696g
100 1 _aRodríguez Carvajal, José A.
_953600
240 1 0 _aEnglish for latin american baseball players
_lEspañol
245 1 0 _aGuía de inglés para peloteros /
_cJosé A. Rodríguez Carvajal.
260 _aSanto Domingo :
_bCorripio,
_c1997.
300 _a173 p. ;
_c14 cm.
590 _aInventariado, 2019/BT
999 _c26008
_d26008